000 00378 a2200157 4500
001 47194
020 _a9788578481483 (broch.)
040 _cAnchieta - Aquarius
100 _aPrap, Lila
240 1 0 _aVocĂȘ sabe tudo sobre insetos?
_lpor
245 1 0 _aVocĂȘ sabe tudo sobre insetos?
300 _a39p.
362 0 _a2014
650 4 _aLiteratura infanto-juvenil
942 _cBK
999 _c47194
_d47194